000 00820nam a22001937a 4500
005 20251108164859.0
008 250721s9999 xx 000 0 ara d
082 1 4 _a372.21809565/مؤت
111 2 _aمؤتمر نحو إستراتيجية وطنية لثقافة طفل ما قبل المدرسة في الأردن ( 1993 : عمان)
245 1 0 _aالأوراق المقدمة لمؤتمر نحو إستراتيجية وطنية لثقافة طفل ما قبل المدرسة في الأردن /
264 1 _aعمان :
_bالرابطة الوطنية لتربية وتعليم الأطفال : اليونسف،
_c[19-].
300 _a118ص .
650 1 7 _aرياض الأطفال
650 1 7 _aالأردن
650 1 7 _aالمؤتمرات
650 1 7 _aالثقافة
942 _2ddc
_cBK
999 _c16541
_d16541